[Event "SR 2. liga A 2013/2014"]
[Site "?"]
[Date "2013.10.20"]
[Round "2.3"]
[White "Kundrak, Vladimir"]
[Black "Krajnak, Robert"]
[Result "1/2-1/2"]
[WhiteElo "1945"]
[BlackElo "2045"]
[PlyCount "48"]
[EventDate "2013.??.??"]

1. b3 Nf6 2. Bb2 e6 3. e3 c5 4. Nf3 Be7 5. Be2 O-O 6. O-O b6 7. d4 Bb7 8. c4 d6
9. Nc3 a6 10. Qc2 Nbd7 11. Rfd1 cxd4 12. Rxd4 Qc7 13. Rad1 Rfe8 14. Ng5 Rad8
15. Bf3 Bxf3 16. Nxf3 Nc5 17. Ng5 h6 18. Nge4 Ncxe4 19. Nxe4 d5 20. Nxf6+ Bxf6
21. Rg4 Bxb2 22. Qxb2 f5 23. Rgd4 dxc4 24. bxc4 e5 1/2-1/2

[Event "SR 2. liga A 2013/2014"]
[Site "?"]
[Date "2013.10.20"]
[Round "2.3"]
[White "Orosi, Peter"]
[Black "Sustak, Roman"]
[Result "1/2-1/2"]
[WhiteElo "2065"]
[BlackElo "1887"]
[PlyCount "165"]
[EventDate "2013.??.??"]

1. c4 d6 2. Nc3 Nf6 3. g3 g6 4. Bg2 Bg7 5. Nf3 O-O 6. O-O c6 7. d3 Na6 8. Bd2
Nc7 9. Rb1 Qe8 10. b4 Bd7 11. a4 e5 12. b5 d5 13. Qb3 d4 14. Ne4 Nxe4 15. dxe4
Ne6 16. bxc6 bxc6 17. Qa3 c5 18. a5 Bc8 19. Rfc1 Qc6 20. Ne1 Bb7 21. Rb5 Ba6
22. Rb2 Rab8 23. Nd3 Rxb2 24. Qxb2 Qa4 25. f4 Bxc4 26. f5 Bxd3 27. exd3 Nd8 28.
Qc2 Qb5 29. Qc4 Qb2 30. Rc2 Qa1+ 31. Kf2 Nb7 32. a6 Nd6 33. Qxc5 Qxa6 34. Qc6
Qa3 35. Ke2 h5 36. fxg6 fxg6 37. Bh3 Kh7 38. Qd5 Ne8 39. Ra2 Qe7 40. Qe6 Rf7
41. Bb4 Qxe6 42. Bxe6 Rb7 43. Bc5 Nc7 44. Bc4 a6 45. Kd2 Rb1 46. Kc2 Rf1 47.
Kb3 Rc1 48. Bb6 Rb1+ 49. Rb2 Rxb2+ 50. Kxb2 Nb5 51. Bc5 Bf6 52. Kb3 Kg7 53. Kb4
Bg5 54. Ka5 Be3 55. Kxa6 Nc3 56. Be7 g5 57. Be6 Ne2 58. Kb5 g4 59. Kc4 Nc3 60.
h3 gxh3 61. Bxh3 Bf2 62. g4 h4 63. g5 Ne2 64. Bf6+ Kf7 65. Bxe5 Be3 66. Bg4 Bf4
67. Bxf4 Nxf4 68. Kxd4 h3 69. Ke3 h2 70. Bf3 Ne6 71. Kf2 Nxg5 72. Bh1 Ke6 73.
d4 Kd6 74. Kg3 Ne6 75. e5+ Kd7 76. d5 Nc5 77. Kxh2 Nd3 78. e6+ Kd6 79. Kg3 Nc5
80. e7 Kxe7 81. Kf4 Kd6 82. Bf3 Ne6+ 83. dxe6 1/2-1/2

[Event "SR 2. liga A 2013/2014"]
[Site "?"]
[Date "2013.10.20"]
[Round "2.3"]
[White "Hlubovic, Michal"]
[Black "Machalec, Vladimir"]
[Result "1-0"]
[WhiteElo "1782"]
[BlackElo "1958"]
[PlyCount "139"]
[EventDate "2013.??.??"]

1. f4 d5 2. Nf3 Nf6 3. b3 c5 4. e3 g6 5. Bb2 Bg7 6. Be2 O-O 7. O-O Nc6 8. Ne5
Qc7 9. Nxc6 Qxc6 10. Be5 Bf5 11. d3 Qd7 12. h3 h5 13. Kh2 Ne8 14. Bxg7 Kxg7 15.
Nd2 Nf6 16. Nf3 Qc7 17. Ne5 Nd7 18. Nxd7 Bxd7 19. Qe1 d4 20. e4 Rh8 21. g3 Qc8
22. h4 Qc6 23. Bf3 Qc7 24. Bg2 f6 25. e5 Rae8 26. e6 Bc8 27. f5 gxf5 28. Bh3
Rh6 29. Bxf5 Qe5 30. Qxe5 fxe5 31. Rae1 Rf8 32. Be4 Rxf1 33. Rxf1 Rxe6 34. Rf5
Kh6 35. Rf7 Rg6 36. Bxg6 Kxg6 37. Rxe7 Kf6 38. Rc7 Bf5 39. Rxc5 Ke6 40. b4 b6
41. Rc8 Kd7 42. Rf8 Bg4 43. Kg2 Ke7 44. Rf2 Ke6 45. Kf1 Kd5 46. Ke1 e4 47.
dxe4+ Kxe4 48. Rf4+ Ke5 49. Rf7 a6 50. Rb7 b5 51. Rb6 Kd5 52. Kd2 Ke4 53. Rf6
Bc8 54. Rc6 Bg4 55. Rxa6 Kf3 56. Ra3+ Kf2 57. Rd3 Bf3 58. Rxd4 Kxg3 59. Ke3 Bc6
60. c4 bxc4 61. Rxc4 Bd5 62. Rc5 Bf7 63. Rf5 Be8 64. Rf4 Bd7 65. Rf1 Kxh4 66.
Kf4 Bh3 67. Rg1 Bd7 68. b5 Bc8 69. a4 Bb7 70. a5 1-0

[Event "SR 2. liga A 2013/2014"]
[Site "?"]
[Date "2013.10.20"]
[Round "2.3"]
[White "Goga, Frantisek"]
[Black "Horvath, Marek"]
[Result "1/2-1/2"]
[WhiteElo "1887"]
[BlackElo "1811"]
[PlyCount "81"]
[EventDate "2013.??.??"]

1. e4 e5 2. Nf3 Nf6 3. d3 Nc6 4. Be2 Bc5 5. Nc3 O-O 6. h3 h6 7. Na4 Be7 8. c4
a6 9. Be3 b5 10. cxb5 axb5 11. Nc3 Ba6 12. O-O d6 13. Rc1 b4 14. Nb1 Na5 15. a3
bxa3 16. bxa3 c5 17. Nc3 Qd7 18. Qc2 Rfb8 19. Rb1 Qe6 20. Nd2 Nc6 21. Rxb8+
Rxb8 22. Rb1 Rxb1+ 23. Qxb1 Bd8 24. Nd5 Qc8 25. Nxf6+ Bxf6 26. Nc4 Bxc4 27.
dxc4 Bd8 28. Qb5 Qc7 29. a4 Qb6 30. Bg4 Kf8 31. Bd2 Ke7 32. Qxb6 Bxb6 33. Kf1
Ba5 34. Ke1 g6 35. Kd1 h5 36. Bc8 Nb4 37. Bxb4 Bxb4 38. Kc2 Kf6 39. Kd3 Kg5 40.
Ke3 h4 41. g3 1/2-1/2

[Event "SR 2. liga A 2013/2014"]
[Site "?"]
[Date "2013.10.20"]
[Round "2.4"]
[White "Gabris, Ondrej"]
[Black "Cibulka, Vladimir"]
[Result "1/2-1/2"]
[WhiteElo "2243"]
[BlackElo "2238"]
[PlyCount "37"]
[EventDate "2013.??.??"]

1. e4 Nc6 2. Nf3 d6 3. d4 Nf6 4. Nc3 Bg4 5. Be3 e6 6. Be2 Be7 7. Nd2 Bxe2 8.
Qxe2 d5 9. e5 Ng8 10. Qg4 Bf8 11. Nf3 Nge7 12. h4 h5 13. Qf4 Ng6 14. Qg3 Nce7
15. Ng5 Nf5 16. Qf3 Qd7 17. g3 O-O-O 18. O-O-O c5 19. Qe2 1/2-1/2

[Event "SR 2. liga A 2013/2014"]
[Site "?"]
[Date "2013.10.20"]
[Round "2.4"]
[White "Marosi, Csaba"]
[Black "Varholakova, Niki"]
[Result "1/2-1/2"]
[WhiteElo "1999"]
[BlackElo "2151"]
[PlyCount "36"]
[EventDate "2013.??.??"]

1. e4 d5 2. exd5 Nf6 3. Nc3 Nxd5 4. Bc4 c6 5. Qf3 Nf6 6. h3 Nbd7 7. Qe2 g6 8.
Nf3 Nb6 9. Bb3 Bg7 10. O-O O-O 11. Re1 Nfd5 12. d4 Nxc3 13. bxc3 e6 14. Bg5 Qc7
15. Rad1 a5 16. a4 Nd5 17. Qd2 b5 18. c4 bxc4 1/2-1/2

[Event "SR 2. liga A 2013/2014"]
[Site "?"]
[Date "2013.10.20"]
[Round "2.4"]
[White "Gazi, Mikulas"]
[Black "Darazs, Zoltan"]
[Result "0-1"]
[WhiteElo "2108"]
[BlackElo "2108"]
[PlyCount "104"]
[EventDate "2013.??.??"]

1. Nf3 Nf6 2. c4 g6 3. d4 Bg7 4. Nc3 d5 5. cxd5 Nxd5 6. e4 Nxc3 7. bxc3 c5 8.
Be3 Qa5 9. Qd2 Nc6 10. Rb1 cxd4 11. cxd4 Qxd2+ 12. Kxd2 O-O 13. d5 Rd8 14. Bd3
Ne5 15. Nxe5 Bxe5 16. Rhc1 e6 17. f4 exd5 18. exd5 Bg7 19. Be4 Be6 20. Ke2 Bxd5
21. Bxd5 Rxd5 22. Rxb7 Re8 23. Rcc7 Bd4 24. Re7 Rxe7 25. Rxe7 Bxe3 26. Rxe3 Ra5
27. a3 Kg7 28. Kd2 Kf6 29. Kc2 Kf5 30. g3 h5 31. Kb3 Rb5+ 32. Kc3 f6 33. a4
Rc5+ 34. Kb3 h4 35. Kb4 Rc2 36. h3 hxg3 37. Rxg3 Rf2 38. Kb5 Rxf4 39. a5 Re4
40. Ka6 Re7 41. Rf3+ Kg5 42. Rg3+ Kh5 43. Rg4 f5 44. Rf4 Kg5 45. Rf2 f4 46. Rf3
Rf7 47. Kb5 Kf5 48. Rf1 Ke4 49. Re1+ Kd3 50. Rg1 f3 51. Rxg6 f2 52. Rd6+ Kc2
0-1

[Event "SR 2. liga A 2013/2014"]
[Site "?"]
[Date "2013.10.20"]
[Round "2.4"]
[White "Kalmar, Tamas"]
[Black "Syrovy, Ivan"]
[Result "1/2-1/2"]
[WhiteElo "1974"]
[BlackElo "2029"]
[PlyCount "40"]
[EventDate "2013.??.??"]

1. d4 c5 2. c3 b6 3. Nf3 e6 4. g3 Nc6 5. Bg2 Bb7 6. O-O Nf6 7. Nbd2 d5 8. Qa4
Qd7 9. Re1 Be7 10. e4 O-O 11. exd5 exd5 12. dxc5 bxc5 13. Nb3 c4 14. Nbd4 Bc5
15. Qd1 Nxd4 16. Nxd4 Rfe8 17. Rxe8+ Rxe8 18. Be3 Ne4 19. Nc2 h6 20. Bxc5 Nxc5
1/2-1/2

[Event "SR 2. liga A 2013/2014"]
[Site "?"]
[Date "2013.10.20"]
[Round "2.4"]
[White "Michal, Silvio"]
[Black "Meszaros, Lorant"]
[Result "0-1"]
[WhiteElo "2095"]
[BlackElo "2027"]
[PlyCount "114"]
[EventDate "2013.??.??"]

1. c4 c5 2. Nf3 Nc6 3. d4 cxd4 4. Nxd4 Nf6 5. Nc3 Qb6 6. e3 g6 7. Be2 Bg7 8.
Qb3 Qd8 9. Bd2 O-O 10. g4 d5 11. Nxc6 bxc6 12. g5 Ne4 13. Nxe4 dxe4 14. Bc3 h5
15. gxh6 Bxh6 16. h4 Bf5 17. Be5 Qd7 18. Rg1 Rfd8 19. Rd1 Qe6 20. Rxd8+ Rxd8
21. Bd4 Qd7 22. Qb4 Qc7 23. Rg3 e5 24. Bc5 Bf8 25. Bxf8 Rxf8 26. h5 c5 27. Qc3
Kg7 28. Kd2 Rh8 29. Kc2 Kf6 30. hxg6 Bxg6 31. b3 Rh1 32. Kb2 Rh2 33. Qe1 Qd6
34. Rg1 Bf5 35. Bg4 Qd3 36. Bxf5 Kxf5 37. Ka3 Qc2 38. Ka4 Rxf2 39. a3 Ke6 40.
Qd1 Qxd1 41. Rxd1 Re2 42. b4 Rxe3 43. Rd8 Rd3 44. Re8+ Kf5 45. bxc5 Rd7 46. c6
Rc7 47. Kb5 e3 48. Rh8 e2 49. Rh1 Ke4 50. Kc5 Kd3 51. Kd6 Rc8 52. Kd7 Rg8 53.
c5 f5 54. c7 f4 55. c6 f3 56. c8=Q Rxc8 57. Kxc8 f2 0-1

[Event "SR 2. liga A 2013/2014"]
[Site "?"]
[Date "2013.10.20"]
[Round "2.4"]
[White "Szitasi, Janos"]
[Black "Hulla, Stanislav"]
[Result "0-1"]
[WhiteElo "1983"]
[BlackElo "1978"]
[PlyCount "74"]
[EventDate "2013.??.??"]

1. e4 e6 2. d4 d5 3. exd5 exd5 4. Bd3 Nc6 5. Nf3 Bg4 6. c3 Bd6 7. Be3 Nge7 8.
h3 Bh5 9. Nbd2 Qd7 10. Qc2 Bg6 11. Nh4 Bxd3 12. Qxd3 O-O-O 13. O-O-O f6 14. f4
g6 15. g4 Rde8 16. Rdf1 Rhf8 17. Rhg1 f5 18. g5 Na5 19. Nhf3 Qa4 20. Kb1 Nc4
21. Ne5 Bxe5 22. dxe5 Qb5 23. Nxc4 dxc4 24. Qd4 b6 25. Qd1 Rd8 26. Qf3 Kb8 27.
Rd1 Rd3 28. Rxd3 cxd3 29. b3 Rd8 30. Rd1 c5 31. c4 Qd7 32. h4 Nc6 33. Rd2 Nb4
34. h5 Nc2 35. h6 a5 36. Qf2 Qc6 37. Qf3 Qxf3 0-1

[Event "SR 2. liga A 2013/2014"]
[Site "?"]
[Date "2013.10.20"]
[Round "2.4"]
[White "Fuchs, Ladislav"]
[Black "Szekely, Stefan"]
[Result "1/2-1/2"]
[WhiteElo "1921"]
[BlackElo "1907"]
[PlyCount "59"]
[EventDate "2013.??.??"]

1. e4 d6 2. d4 Nf6 3. Nc3 g6 4. f4 Bg7 5. Nf3 c6 6. Bd3 Na6 7. a3 Nc7 8. O-O
O-O 9. Qe1 Bg4 10. Qh4 h5 11. Ng5 d5 12. e5 Ne4 13. Be3 Nxg5 14. Qxg5 e6 15.
Qxd8 Raxd8 16. Ne2 Bf5 17. Rad1 b5 18. Nc1 Na8 19. Nb3 Nb6 20. Nc5 Nd7 21. Nb7
Rb8 22. Nd6 Nb6 23. Bxf5 exf5 24. b3 Rfd8 25. Bd2 Bf8 26. Bb4 Nc8 27. Ba5 Nb6
28. Bb4 Nc8 29. Nxc8 Rbxc8 30. Ra1 1/2-1/2

[Event "SR 2. liga A 2013/2014"]
[Site "?"]
[Date "2013.10.20"]
[Round "2.4"]
[White "Ollos, Ladislav"]
[Black "Hajtmanek, Stanislav"]
[Result "1/2-1/2"]
[WhiteElo "1820"]
[BlackElo "1782"]
[PlyCount "34"]
[EventDate "2013.??.??"]

1. e4 c5 2. Nf3 Nc6 3. d4 cxd4 4. Nxd4 g6 5. Nc3 Bg7 6. Be3 Nf6 7. f3 O-O 8.
Qd2 e5 9. Ndb5 a6 10. Nd6 Qc7 11. Na4 Nd4 12. c3 Qxd6 13. cxd4 exd4 14. Qxd4
Qxd4 15. Bxd4 b5 16. Nb6 Rb8 17. Rd1 Re8 1/2-1/2

[Event "SR 2. liga A 2013/2014"]
[Site "?"]
[Date "2013.10.20"]
[Round "2.5"]
[White "Jozefek, Michal"]
[Black "Slacky, Stanislav"]
[Result "1/2-1/2"]
[WhiteElo "2168"]
[BlackElo "2208"]
[PlyCount "32"]
[EventDate "2013.??.??"]

1. d4 d6 2. Nf3 Bg4 3. Nbd2 Nd7 4. g3 c6 5. Bg2 e5 6. dxe5 Nxe5 7. O-O Ne7 8.
b3 Qd7 9. Nxe5 dxe5 10. Nc4 Ng6 11. Qxd7+ Kxd7 12. Rd1+ Kc7 13. Kf1 Bc5 14. Be3
Bxe3 15. Nxe3 Be6 16. Rd2 Rad8 1/2-1/2

[Event "SR 2. liga A 2013/2014"]
[Site "?"]
[Date "2013.10.20"]
[Round "2.5"]
[White "Bronis, Marian"]
[Black "Bury, Rastislav"]
[Result "1/2-1/2"]
[WhiteElo "2175"]
[BlackElo "2120"]
[PlyCount "37"]
[EventDate "2013.??.??"]

1. d4 Nf6 2. c4 e6 3. Nc3 Bb4 4. Qc2 O-O 5. a3 Bxc3+ 6. Qxc3 b6 7. Bg5 h6 8.
Bh4 Bb7 9. Nf3 d6 10. e3 Nbd7 11. Be2 c5 12. O-O Rc8 13. dxc5 Ne4 14. Qc2 g5
15. Bg3 Nxg3 16. hxg3 dxc5 17. Rfd1 Qc7 18. Qc3 Rfd8 19. Rd2 1/2-1/2

[Event "SR 2. liga A 2013/2014"]
[Site "?"]
[Date "2013.10.20"]
[Round "2.5"]
[White "Jablonicky, Martin"]
[Black "Mandak, Miroslav"]
[Result "1/2-1/2"]
[WhiteElo "1967"]
[BlackElo "2008"]
[PlyCount "117"]
[EventDate "2013.??.??"]

1. e4 e6 2. b3 d5 3. exd5 exd5 4. Nf3 Nf6 5. Be2 Bd6 6. O-O O-O 7. Bb2 Nbd7 8.
d4 Ne4 9. Nbd2 Ndf6 10. c4 c6 11. Ne5 Nxd2 12. Qxd2 dxc4 13. Nxc4 Bc7 14. Bf3
Nd5 15. Ne3 Be6 16. Nxd5 Bxd5 17. Bxd5 Qxd5 18. Rac1 Rfd8 19. Qb4 Qd6 20. Qxd6
Rxd6 21. Rfe1 Rd7 22. Re2 Ba5 23. a3 f6 24. g3 Kf7 25. b4 Bb6 26. Kg2 Re8 27.
Rce1 Rxe2 28. Rxe2 Rd5 29. Rd2 g5 30. Kf3 h5 31. h3 Kg6 32. g4 f5 33. Ke3 fxg4
34. hxg4 hxg4 35. Rd1 Rf5 36. Rd2 Rf4 37. a4 a6 38. Rc2 Rf3+ 39. Ke4 Rb3 40.
Bc3 Rb1 41. Ke5 Rh1 42. Ke6 Rh2 43. Rb2 Rh3 44. Rc2 Rh7 45. Rb2 Rh3 46. Rc2 Rd3
47. b5 axb5 48. axb5 Bxd4 49. bxc6 bxc6 50. Bxd4 Rxd4 51. Rxc6 Rf4 52. Ke5+ Kh5
53. Rf6 Ra4 54. Rf8 Ra2 55. Rh8+ Kg6 56. Rg8+ Kh6 57. Kf5 Rxf2+ 58. Kxg4 Rf4+
59. Kg3 1/2-1/2

[Event "SR 2. liga A 2013/2014"]
[Site "?"]
[Date "2013.10.20"]
[Round "2.5"]
[White "Zacka, Ladislav"]
[Black "Pericka, Tomas"]
[Result "0-1"]
[WhiteElo "1768"]
[BlackElo "1994"]
[PlyCount "56"]
[EventDate "2013.??.??"]

1. d4 Nf6 2. Nf3 g6 3. c4 Bg7 4. Nc3 d5 5. e3 O-O 6. cxd5 Nxd5 7. Bc4 Nxc3 8.
bxc3 c5 9. O-O Nc6 10. Qc2 cxd4 11. cxd4 Bf5 12. Qe2 Rc8 13. Bd2 e5 14. dxe5
Nxe5 15. Nxe5 Bxe5 16. Rac1 Rxc4 17. Qxc4 Qxd2 18. Qb3 Qb2 19. Qd5 Bf6 20. e4
Be6 21. Qa5 Qxa2 22. Qxa2 Bxa2 23. Rc7 Rb8 24. f4 b5 25. e5 Bd8 26. Rc2 Bc4 27.
Rf3 a5 28. g4 Bb6+ 0-1

[Event "SR 2. liga A 2013/2014"]
[Site "?"]
[Date "2013.10.20"]
[Round "2.5"]
[White "Diviak, Rastislav"]
[Black "Bukovcak, Jaroslav"]
[Result "1/2-1/2"]
[WhiteElo "1998"]
[BlackElo "1779"]
[PlyCount "77"]
[EventDate "2013.??.??"]

1. e4 e6 2. d4 d5 3. Nd2 dxe4 4. Nxe4 Nd7 5. Nf3 Ngf6 6. Nxf6+ Nxf6 7. Bd3 Be7
8. Bg5 Nd5 9. Bxe7 Qxe7 10. Qd2 Qb4 11. c3 Qe7 12. O-O Qf6 13. Rfe1 O-O 14. Qg5
Qxg5 15. Nxg5 Nf6 16. Re2 h6 17. Nf3 b6 18. Ne5 Bb7 19. f3 Rad8 20. Kf2 Ba8 21.
Ba6 Nd7 22. Ke1 Nxe5 23. Rxe5 Rd5 {(=)} 24. Rd1 Rfd8 25. Bc4 Rxe5+ 26. dxe5
Rxd1+ 27. Kxd1 Kf8 28. Ke2 Ke7 29. Ke3 f6 30. exf6+ Kxf6 31. g3 e5 32. Bd3 Bd5
33. a3 g5 34. Be4 Bc4 35. Bd3 Bd5 36. Be4 Bc4 37. Bc6 Be6 38. Be4 Bc4 39. Bd3
1/2-1/2

[Event "SR 2. liga A 2013/2014"]
[Site "?"]
[Date "2013.10.20"]
[Round "2.6"]
[White "Zatko, Gregor"]
[Black "Drtina, Milan"]
[Result "0-1"]
[WhiteElo "2188"]
[BlackElo "2135"]
[PlyCount "114"]
[EventDate "2013.??.??"]

1. d4 Nf6 2. Nf3 g6 3. c4 Bg7 4. g3 O-O 5. Nc3 d5 6. cxd5 Nxd5 7. Bg2 c5 8. e3
cxd4 9. exd4 Nc6 10. O-O Nb6 11. Be3 Bg4 12. Ne2 Qd7 13. Rc1 Nd5 14. Qd2 Rfd8
15. Rc5 Nxe3 16. fxe3 e5 17. Ng5 Qe7 18. Rxc6 bxc6 19. Nxf7 Rf8 20. Bxc6 Rac8
21. Bd5 Be6 22. Bxe6 Qxe6 23. Nxe5 Bxe5 24. Rxf8+ Rxf8 25. dxe5 Qxe5 26. Nd4
Qe4 27. Qc1 h5 28. Qe1 Kh7 29. Qc1 Rf7 30. Qe1 h4 31. gxh4 Qg4+ 32. Kh1 Re7 33.
Qf2 Kg7 34. h5 Rf7 35. h6+ Kf8 36. Qe1 Qe4+ 37. Kg1 Kg8 38. h3 Kh7 39. b3 Kxh6
40. a4 Re7 41. Nc2 Re5 42. Qe2 Rg5+ 43. Kh2 Qe5+ 44. Kh1 Qe4+ 45. Kh2 Rc5 46.
Nd4 Rc3 47. Qf1 Rxe3 48. Qf8+ Kg5 49. Qd8+ Qe7 50. Nf3+ Kf4 51. Qd4+ Kxf3 52.
Qg4+ Kf2 53. Qg2+ Ke1 54. Kg1 Kd1 55. Qd5+ Kc2 56. Qg2+ Kc3 57. Qc6+ Kb2 {0 :}
0-1

[Event "SR 2. liga A 2013/2014"]
[Site "?"]
[Date "2013.10.20"]
[Round "2.6"]
[White "Arendas, Marek"]
[Black "Oprea, Erik"]
[Result "1-0"]
[WhiteElo "2096"]
[BlackElo "2130"]
[PlyCount "87"]
[EventDate "2013.??.??"]

1. e4 d6 2. d4 c6 3. c4 Nd7 4. Nc3 e5 5. Nf3 Be7 6. b3 Ngf6 7. Bb2 Qc7 8. Be2
Nf8 9. h3 Ng6 10. O-O Bd7 11. Qd2 Rd8 12. Qe3 b6 13. Rad1 O-O 14. Rfe1 Rfe8 15.
Bf1 Bf8 16. g3 Qc8 17. Kh2 exd4 18. Qxd4 Ne5 19. Ng1 c5 20. Qd2 Re6 21. f4 Nc6
22. Nf3 Rde8 23. Bg2 h6 24. a3 Na5 25. Qc2 Bc6 26. Nd2 Qa8 27. b4 Nb7 28. b5
Bd7 29. Re2 Qb8 30. Rde1 Bc8 31. Nf3 Na5 32. e5 dxe5 33. fxe5 Nh5 34. Nd5 Rg6
35. g4 Nf6 36. Nf4 Nxg4+ 37. hxg4 Rxg4 38. Bc1 g5 39. Bh3 Rxf4 40. Bxf4 gxf4
41. Rg2+ Kh8 42. Reg1 Be7 43. Rg7 f5 44. exf6 {: 0} 1-0

[Event "SR 2. liga A 2013/2014"]
[Site "?"]
[Date "2013.10.20"]
[Round "2.6"]
[White "Hricak, Vasil"]
[Black "Liptak, Tomas"]
[Result "0-1"]
[WhiteElo "2118"]
[BlackElo "2108"]
[PlyCount "104"]
[EventDate "2013.??.??"]

1. e4 c5 2. d4 cxd4 3. c3 d5 4. exd5 Qxd5 5. cxd4 Nc6 6. Nf3 Bg4 7. Nc3 Bxf3 8.
Nxd5 Bxd1 9. Nc7+ Kd7 10. Nxa8 Bh5 11. Bf4 g5 12. Bg3 e6 13. f3 Bd6 14. d5 exd5
15. O-O-O Nge7 16. Bc4 d4 17. Bb5 Bxg3 18. hxg3 Bg6 19. Rxd4+ Kc8 20. Bxc6 Nxc6
21. Rd5 f6 22. Rd6 Rf8 23. Re1 Kb8 24. Nb6 axb6 25. Ree6 f5 26. f4 g4 27. a3
Kc7 28. Rd3 Rd8 29. Rxd8 Kxd8 30. b4 Kd7 31. Re1 Bf7 32. Kb2 Ne7 33. Kc3 Nd5+
34. Kd4 Kd6 35. Re5 Be6 36. Re1 Nf6 37. Rd1 Bd5 38. Rc1 Bxg2 39. Rc8 Bc6 40.
Rd8+ Ke6 41. Kc4 Ne4 42. b5 Nd6+ 43. Kb4 Nxb5 44. Rh8 Nd4 45. Rxh7 Ne2 46. Kc4
Nxg3 47. Rh6+ Kf7 48. Kd4 Ne2+ 49. Ke5 Be4 50. Rh7+ Kg6 51. Rd7 g3 52. Rd6+ Kh5
{0 :} 0-1

[Event "SR 2. liga A 2013/2014"]
[Site "?"]
[Date "2013.10.20"]
[Round "2.6"]
[White "Puskar, Peter"]
[Black "Sosovicka, Matej"]
[Result "0-1"]
[WhiteElo "2063"]
[BlackElo "2098"]
[PlyCount "80"]
[EventDate "2013.??.??"]

1. d4 d5 2. c4 c6 3. Nf3 Nf6 4. e3 Bf5 5. Nc3 e6 6. a3 h6 7. Bd3 Bxd3 8. Qxd3
Nbd7 9. O-O Bd6 10. e4 dxe4 11. Nxe4 Nxe4 12. Qxe4 O-O 13. Be3 Qe7 14. Rfd1
Rfd8 15. Rd2 Nf6 16. Qc2 Ng4 17. h3 Nxe3 18. fxe3 e5 19. Rad1 e4 20. Nh2 f5 21.
Nf1 Kh8 22. c5 Bc7 23. d5 cxd5 24. Rxd5 Rxd5 25. Rxd5 f4 26. Qd2 f3 27. g3 Re8
28. b4 Qf6 29. Rd7 Be5 30. Rxb7 Rf8 31. Qf2 Qe6 32. g4 a6 33. Rb6 Qc4 34. Rb7
Rd8 35. h4 Rd1 36. g5 Bg3 37. Rb8+ Bxb8 38. gxh6 Bg3 39. hxg7+ Kg8 40. Qxg3
Qxf1+ {0 :} 0-1

[Event "SR 2. liga A 2013/2014"]
[Site "?"]
[Date "2013.10.20"]
[Round "2.6"]
[White "Ochrana, Ladislav"]
[Black "Puchart, Vladimir"]
[Result "1/2-1/2"]
[WhiteElo "2045"]
[BlackElo "2051"]
[PlyCount "115"]
[EventDate "2013.??.??"]

1. d4 Nf6 2. Nf3 d5 3. Bg5 e6 4. e3 Be7 5. Bd3 Nbd7 6. O-O c5 7. c4 cxd4 8.
Nxd4 dxc4 9. Bxc4 Nb6 10. Bb5+ Bd7 11. Nc3 O-O 12. Qe2 Nfd5 13. Nxd5 Nxd5 14.
Bxe7 Qxe7 15. Bxd7 Qxd7 16. Qb5 Rfd8 17. Qxd7 Rxd7 18. Rfc1 Rad8 19. Kf1 Kf8
20. a3 Nf6 21. Rc2 Ne4 22. f3 e5 23. Nb3 Nd2+ 24. Nxd2 Rxd2 25. Rac1 Ke7 26.
Ke1 Rxc2 27. Rxc2 Rd7 28. Ke2 Ke6 29. Rc8 h5 30. Re8+ Kd5 31. b3 f5 32. Kd3
Kc5+ 33. Kc3 Kd5 34. Kd3 Kc5+ 35. Ke2 Kd5 36. Rf8 Ke6 37. Rc8 Kd5 38. Rc2 Ke6
39. Rc5 Kd6 40. Ra5 a6 41. f4 Re7 42. g3 g6 43. Ra4 Rc7 44. Kd2 Rc5 45. fxe5+
Kxe5 46. Rd4 Rd5 47. Kd3 g5 48. Kc4 b5+ 49. Kd3 g4 50. Rxd5+ Kxd5 51. b4 Ke5
52. Kd2 Ke6 53. Ke2 Ke5 54. Kd2 Kd6 55. Kc2 Ke5 56. Kd2 Kd6 57. Kc3 Ke5 58. Kd2
{remis} 1/2-1/2

[Event "SR 2. liga A 2013/2014"]
[Site "?"]
[Date "2013.10.20"]
[Round "2.6"]
[White "Doucha, Ludvik"]
[Black "Szollos, Ondrej"]
[Result "1/2-1/2"]
[WhiteElo "2039"]
[BlackElo "1983"]
[PlyCount "116"]
[EventDate "2013.??.??"]

1. e4 d6 2. d4 Nf6 3. Bd3 Nbd7 4. f4 c5 5. c3 e6 6. Nf3 Be7 7. O-O Qc7 8. Qe2
e5 9. fxe5 dxe5 10. d5 O-O 11. a4 Re8 12. Na3 Nf8 13. Nc4 Ng6 14. Qc2 b6 15.
Ne3 Ng4 16. Bb5 Nxe3 17. Bxe3 Bd7 18. c4 Rf8 19. Bxd7 Qxd7 20. Nd2 Qd8 21. Rf5
Nh4 22. Rf2 Bg5 23. Re1 Bxe3 24. Rxe3 Ng6 25. Nf3 Qd6 26. g3 a6 27. Rb3 Rab8
28. Nd2 Rb7 29. Rbf3 Ne7 30. Qb1 Nc8 31. Qf1 Qe7 32. Qh3 Nd6 33. Qg4 b5 34.
axb5 axb5 35. b3 b4 36. h4 Qd7 37. Qg5 Qe7 38. Qe3 Qc7 39. h5 h6 40. g4 f6 41.
Rg3 Nf7 42. Nf3 Ra7 43. Ne1 Ra1 44. Kh2 Rfa8 45. Nd3 R8a5 46. Rgg2 Qc8 47. Kg3
Rh1 48. Rh2 Rg1+ 49. Rfg2 Rga1 50. Rb2 Ng5 51. Rhd2 Rh1 52. Rh2 Rha1 53. Rhg2
Rh1 54. Rh2 Rha1 55. Rhd2 Qc7 56. Rh2 Qc8 57. Rbd2 Rb1 58. Rb2 Rba1 {remis}
1/2-1/2

[Event "SR 2. liga A 2013/2014"]
[Site "?"]
[Date "2013.10.20"]
[Round "2.6"]
[White "Kucera, Michal"]
[Black "Kolenak, Matus"]
[Result "0-1"]
[WhiteElo "1943"]
[BlackElo "1949"]
[PlyCount "80"]
[EventDate "2013.??.??"]

1. e4 c5 2. Nf3 e6 3. d4 cxd4 4. Nxd4 Nc6 5. Nc3 Nf6 6. Nxc6 bxc6 7. Bd3 d5 8.
O-O Be7 9. e5 Nd7 10. Bf4 h5 11. h3 Qb6 12. Qc1 Nc5 13. Be2 Rb8 14. Rb1 d4 15.
Nd1 Ba6 16. Bxa6 Qxa6 17. a3 Qe2 18. b4 Nd7 19. Nb2 Qa6 20. Nd3 O-O 21. Bg5 f6
22. exf6 gxf6 23. Bh4 Kf7 24. Re1 Bd6 25. Qd1 Qb5 26. Qf3 Qd5 27. Qxd5 cxd5 28.
f3 Rfc8 29. Re2 Rc3 30. a4 Rbc8 31. Rb2 Nb6 32. Ra2 Nc4 33. Be1 Ra3 34. Rxa3
Nxa3 35. c3 dxc3 36. Ra2 c2 37. Bd2 Nb1 38. Bc1 Rc4 39. Kf1 Rd4 40. Ne1 Rd1 {
0 :} 0-1

[Event "SR 2. liga A 2013/2014"]
[Site "?"]
[Date "2013.11.23"]
[Round "3.1"]
[White "Federic, Jozef"]
[Black "Petenyi, Tamas"]
[Result "1/2-1/2"]
[WhiteElo "2269"]
[BlackElo "2464"]
[PlyCount "87"]
[EventDate "2013.??.??"]

1. d4 g6 2. Nf3 Bg7 3. g3 d6 4. Bg2 Nf6 5. O-O O-O 6. c4 Nc6 7. h3 a6 8. Nc3
Rb8 9. Be3 Bd7 10. Rc1 e6 11. Nd2 Ne7 12. Nde4 Nxe4 13. Nxe4 h6 14. Bd2 f5 15.
Nc3 Kh7 16. d5 e5 17. e4 Ng8 18. b4 Qf6 19. f3 Qe7 20. Ne2 Nf6 21. Qc2 b6 22.
a3 Nh5 23. Be1 Rf7 24. Bf2 Rbf8 25. Qd2 Bf6 26. Rc3 fxe4 27. fxe4 Bg5 28. Qc2
Rf6 29. Be1 Rxf1+ 30. Bxf1 Rxf1+ 31. Kxf1 Bxh3+ 32. Kf2 Nf6 33. Ng1 Bd7 34. Nf3
Ng4+ 35. Ke2 h5 36. Nxg5+ Qxg5 37. Bd2 Qf6 38. Rf3 Qe7 39. Qc1 Nh2 40. Bg5 Qe8
41. Rf2 Ng4 42. Rf3 Nh2 43. Rf2 Ng4 44. Rf3 1/2-1/2

[Event "SR 2. liga A 2013/2014"]
[Site "?"]
[Date "2013.11.23"]
[Round "3.1"]
[White "Takacs, Laszlo"]
[Black "Banas, Kamil"]
[Result "0-1"]
[WhiteElo "2130"]
[BlackElo "2221"]
[PlyCount "82"]
[EventDate "2013.??.??"]

1. e4 c5 2. Nf3 d6 3. d4 cxd4 4. Nxd4 Nf6 5. Nc3 g6 6. Be2 Bg7 7. O-O O-O 8.
Be3 a6 9. Qd2 Re8 10. h3 Bd7 11. Bh6 Bh8 12. g4 Nc6 13. Nf5 Qa5 14. Qg5 Qe5 15.
Qe3 Rac8 16. Rad1 Nb4 17. Bf4 Qa5 18. Nh6+ Kf8 19. Qd2 Be6 20. a3 Nc6 21. Be3
Bg7 22. Kh2 Ne5 23. g5 Nfd7 24. f4 Rxc3 25. bxc3 Nc4 26. Bxc4 Bxc4 27. Bd4 Bxf1
28. Rxf1 Bxh6 29. gxh6 Kg8 30. f5 Ne5 31. h4 Qb5 32. Rf4 f6 33. fxg6 hxg6 34.
Qg2 Kh7 35. Rf1 Rg8 36. Rg1 Qd7 37. Be3 Qe6 38. Qh3 Qxh3+ 39. Kxh3 Rc8 40. Bd4
Nf3 41. Rb1 b5 0-1

[Event "SR 2. liga A 2013/2014"]
[Site "?"]
[Date "2013.11.23"]
[Round "3.1"]
[White "Matejovic, Juraj"]
[Black "Blaho, Stefan"]
[Result "1-0"]
[WhiteElo "2186"]
[BlackElo "2122"]
[PlyCount "62"]
[EventDate "2013.??.??"]

1. e4 c5 2. Nf3 e6 3. d4 cxd4 4. Nxd4 Qb6 5. Nc3 a6 6. Be2 d6 7. O-O Be7 8. Be3
Qc7 9. f4 Nc6 10. Kh1 Bd7 11. Qd2 O-O-O 12. b4 Nxd4 13. Bxd4 Bf6 14. Rfb1 Bxd4
15. Qxd4 e5 16. Qd2 Nf6 17. a4 exf4 18. b5 a5 19. b6 Qc5 20. Rb3 Bc6 21. Qxf4
Rhe8 22. Bb5 Qxb6 23. Rab1 Rd7 24. Qd2 Kd8 25. Bxc6 Qxc6 26. Nd5 Rxe4 27. Qxa5+
Ke8 28. Qa8+ Rd8 29. Nxf6+ gxf6 30. Qa5 Qxa4 31. Qf5 Rd7 1-0